Top 100 municipios mas poblados de Aragon - Estadísticas

Estadísticas generales
  • Esta prueba ha sido intentada 82 veces
  • La puntuación promedio es 40 de 100
Estadísticas de respuestas
Poblacion Municipio % Correcto
686 986 Zaragoza
100%
54 704 Huesca
98%
36 713 Teruel
98%
17 558 Barbastro
90%
19 850 Calatayud
87%
18 152 Monzón
87%
16 247 Alcañiz
85%
13 883 Jaca
85%
19 022 Utebo
85%
17 113 Ejea de los Caballeros
81%
15 390 Fraga
77%
9592 Sabiñánigo
77%
10 803 Tarazona
75%
7258 Andorra
69%
15 112 Cuarte de Huerva
69%
10 118 Binefar
67%
4542 Calamocha
67%
1919 Daroca
65%
10 432 Caspe
63%
3456 Cariñena
62%
7937 La Almunia de Doña Godina
62%
8709 Zuera
58%
7450 Alagón
56%
5191 Borja
56%
6817 Tauste
56%
6371 María de Huerva
54%
3380 Graus
52%
4135 Sariñena
52%
4814 Villanueva de Gállego
52%
1509 Belchite
50%
2362 Benasque
48%
3678 Calanda
46%
2603 Gallur
46%
1884 Quinto
46%
2437 Almudévar
44%
1609 Biescas
44%
4631 Fuentes de Ebro
44%
2317 Aínsa
42%
2541 Monreal del Campo
42%
1102 Boltaña
40%
3234 Alcorisa
38%
3102 Utrillas
38%
1732 Ateca
37%
6564 La Muela
37%
1618 Mora de Rubielos
37%
1696 Grañén
35%
1760 Híjar
35%
2727 Illueca
35%
1258 Sádaba
35%
4565 Épila
33%
2951 Mallén
33%
4639 Cadrete
31%
6426 La Puebla de Alfinden
31%
1516 Sallent de Gállego
31%
2232 Mequinenza
29%
2446 Pina de Ebro
29%
4551 Pinseque
29%
2949 Ricla
29%
3409 San Mateo de Gállego
29%
1091 Sástago
29%
2906 Calatorao
27%
1177 Escatrón
27%
1093 Magallón
27%
1165 Montalbán
27%
1474 Muel
27%
1127 Sobradiel
27%
3429 Tamarite de Litera
27%
2545 Valderrobres
27%
1933 Albalate del Arzobispo
25%
1082 Ariza
25%
1137 Benabarre
25%
2704 Burgo de Ebro
25%
2690 Cella
25%
3766 Pedrola
25%
1090 Leciñena
23%
2089 Maella
23%
1270 Figueruelas
21%
1225 Mas de las Matas
21%
1785 Zaidín
21%
1066 Ayerbe
19%
1506 Brea de Aragón
19%
1047 Fabara
19%
1427 Gurrea de Gállego
19%
1132 La Joyosa
19%
1082 Morata de Jalón
19%
1023 Remolinos
19%
1216 Sarrión
19%
2854 Villamayor de Gállego
19%
1601 Binaced
15%
1141 Lanaja
15%
1043 Ainzón
13%
1506 Torres de Berrellén
13%
1305 Pastriz
12%
2415 Aljafarín
6%
1109 Alcolea del Cinca
4%
1270 Belver del Cinca
4%
1148 Torrente del Cinca
4%
1494 Alfamén
2%
1472 Altorrincón
2%
1142 Albalate del Cinca
0%
No se encontraron pruebas coincidentes
Distribución de puntuación
Porcentaje de gente con cada puntuación
Porcentaje por número respondido
Historial de tus puntuaciones
No has intentado esta prueba.